000 00309nam a2200145Ia 4500
100 _aArthur L.J./ Burns T
942 _cBK
654 _aunix
245 _aUnix Shell Programming
260 _bJohn Wiley
_aNew York
_c1994
082 _a005.13 'U'
300 _a462
546 _aENGLISH
999 _c24013
_d24013